000 00885nam a22002297a 4500
003 OSt
005 20210225154857.0
008 210225s1989 ck ||||fr|||| 00| 0dspa d
040 _aCO-JMCR
_cCO-JMCR
041 0 _aspa
082 0 4 _a347.7 /
_bV432i
_223
100 1 _aVela Camelo, Jaime Humberto,
_eautor
_913965
245 1 0 _aInvalidez e ineficacia del negocio jurídico /
_cJaime Humberto Vela Camelo
250 _aPrimer edición
260 _aBogotá :
_bEditorial Jurídica Radar,
_c1989
300 _axix, 242 páginas ;
_c24 cm.
500 _aIncluye notas a pie de página y datos biográficos del autor.
505 0 _aGeneralidades del negocio jurídico -- Invalidez e ineficacia del negocio jurídico -- Legislación, jurisprudencia y doctrina
650 1 4 _aNegocios
_xlegislación
_zColombia
_913966
650 2 4 _aActos jurídicos
_zColombia
_913967
942 _2ddc
_cBK
999 _c7336
_d7336